000 01438ngm a22003610a 4500
001 PT16672
003 AR-LpoUNG
005 20250821154847.0
007 vd cvaizq
008 191001s1986||||ag |||||||||||||||||spa d
037 _c$6.63
040 _aAR-LpoUNG
_bspa
_cAR-LpoUNG
_eaacr
041 _aspa
082 0 _a305.8 713ger
100 1 _aTosso, Raúl
_edir.
245 1 0 _aGerónima
260 _aBuenos Aires :
_bAll Video,
_c1986.
300 _aVHS (100 min.) : son., col.
505 0 _aGuión: Carlos Paola ; Música: Carlos Torlaschi, Arnaldo Di Pace.
520 _a<p>Sustentada en un hecho ver&iacute;dico, ocurrido a fines de 1976, la pel&iacute;cula relata las vicisitudes de una mujer mapuche y sus cuatro hijos. Esta descendiente de los primeros asentamientos ind&iacute;genas, vive sus alegr&iacute;as y tristezas en las tierras des&eacute;rticas de la Patagonia, tierras que pertenecieron a sus antepasados y de las que fueron cruelmente despose&iacute;dos. Con el debut cinematogr&aacute;fico de Luisa Calcumil, Patricio Contreras y Mario Luciani.</p>
650 4 _aASENTAMIENTOS HUMANOS
650 4 _aCONOCIMIENTOS TRADICIONALES
650 4 _aCULTURA
650 4 _aPOBLACION
650 4 _aPOBLACION INDIGENA
650 4 _aTENENCIA DE LA TIERRA
650 4 _aTIERRA
650 4 _aZONIFICACION
653 0 _aCINE ARGENTINO
653 _aDOCUMENTALES
905 _a16672
942 _cVIDEO
_2ddc
999 _c54365
_d54365